| 000 | 00449nam a2200157Ia 4500 | ||
|---|---|---|---|
| 008 | 230312s9999||||xx |||||||||||||| ||und|| | ||
| 020 | _a81-88458-47-3 | ||
| 082 |
_a621.317 _bPAN-I |
||
| 100 | _aPandey;Adesh.K | ||
| 245 | 0 | _aIntroduction to Automata Theory & Formal Languages | |
| 260 |
_bKatson Books _aIndia _c2012 |
||
| 300 | _a408 | ||
| 546 | _aEng. | ||
| 650 |
_aEngineering _vIntroduction to Automata Theory & Formal Languages |
||
| 942 | _cBK | ||
| 999 |
_c8599 _d8599 |
||